Central Library OPAC University of Rajshahi

Full employment in a free society : (Record no. 2618)

MARC details
000 -LEADER
fixed length control field 01108cam a2200301 a 4500
001 - CONTROL NUMBER
control field 2618
003 - CONTROL NUMBER IDENTIFIER
rucl marc code BDjRUL
005 - DATE AND TIME OF LATEST TRANSACTION
control field 20211208233605.0
008 - FIXED-LENGTH DATA ELEMENTS--GENERAL INFORMATION
fixed length control field 131212r19531944enk 001 0 eng d
035 ## - SYSTEM CONTROL NUMBER
System control number (BDjRUL)2645
System control number (OCoLC)4317684
040 ## - CATALOGING SOURCE
Original cataloging agency DLC
Transcribing agency FNP
Modifying agency m.c
-- EQO
-- BDjRUL
Language of cataloging eng
041 ## - LANGUAGE CODE
Language code of text/sound track or separate title eng
082 ## - DEWEY DECIMAL CLASSIFICATION NUMBER
Classification number 331.137942
Author mark and year BEF
100 1# - MAIN ENTRY--PERSONAL NAME
Personal name Beveridge, William Henry Beveridge,
Dates associated with a name 1879-1963.
9 (RLIN) 8464
245 10 - TITLE STATEMENT
Title Full employment in a free society :
Remainder of title a report /
Statement of responsibility, etc. Lord Beveridge.
250 ## - EDITION STATEMENT
Edition statement 1st ed.
260 ## - PUBLICATION, DISTRIBUTION, ETC. (IMPRINT)
Place of publication, distribution, etc. London :
Name of publisher, distributor, etc. Allen & Unwin,
Date of publication, distribution, etc. 1944 [Impression 1953]
300 ## - PHYSICAL DESCRIPTION
Pagination 429, [1] p. :
Illustrations diagrs ;
Size 22 cm.
500 ## - GENERAL NOTE
General note "Sequel to the report on Social insurance and allied services ... made to His Majesty's government in November, 1942."- Pref
General note "First published in 1944."
650 #0 - SUBJECT ADDED ENTRY--TOPICAL TERM
Topical term or geographic name as entry element Unemployed
Geographic subdivision Great Britain.
9 (RLIN) 8465
651 #0 - SUBJECT ADDED ENTRY--GEOGRAPHIC NAME
Geographic name Great Britain
General subdivision Economic policy.
9 (RLIN) 8466
710 1# - ADDED ENTRY--CORPORATE NAME
Corporate name or jurisdiction name as entry element Great Britain.
Subordinate unit Inter-departmental Committee on Social Insurance and Allied Services
9 (RLIN) 8467
942 ## - ADDED ENTRY ELEMENTS (KOHA)
Source of classification or shelving scheme Dewey Decimal Classification
Koha item type Books
Holdings
Lost status Source of classification or shelving scheme Damaged status Not for loan Collection code Permanent Location Current Location Shelving location Date acquired Source of acquisition Cost, normal purchase price Total Checkouts Full call number Date last seen Copy number Koha item type
  Dewey Decimal Classification     Non-fiction Central Library, University of Rajshahi Central Library, University of Rajshahi   20/08/1955 CTC Limited 18.00   331.137942 BEF 1953 12/12/2013 C-3 Books
  Dewey Decimal Classification     Non-fiction Central Library, University of Rajshahi Central Library, University of Rajshahi   20/08/1955 C.and C ltd. 18.00   331.137942 BEF 1953 17/12/2013 C-2 Books